[Event "18th Rochefort Open 2019"]
[Site "Rochefort"]
[Date "2019.02.18"]
[Round "4.5"]
[White "Yu, Ruiyuan"]
[Black "Bobadilla Viera, Jorge Samuel"]
[Result "0-1"]
[WhiteElo "2491"]
[BlackElo "2318"]
[Annotator "TA"]
[PlyCount "136"]
[EventDate "2019.02.16"]
[EventType "swiss"]
[EventCountry "FRA"]
[SourceTitle "playchess.com"]
[Source "ChessBase"]
[SourceQuality "1"]

{[%evp 11,136,6,8,6,9,14,8,8,8,16,14,2,7,7,7,0,0,0,4,3,18,19,19,19,15,9,12,-5,0,-29,0,-54,-41,-70,0,0,0,0,0,0,3,3,6,9,29,26,21,29,31,28,44,47,54,37,30,4,28,28,37,8,8,5,5,6,10,0,0,0,0,0,0,0,0,0,0,0,0,0,0,0,0,0,0,0,0,0,0,-183,-159,-165,-159,-119,-126,-124,-141,-881,-852,-742,-1136,-1032,-849,-860,-552,-2185,-2185,-1711,-1581,-29947,-5767,-29962,-29960,-29958,-29958,-29958,-29961,-29964,-29955,-12832,-11603,-8005,-6641,-5827,-5700,-5608,-5370,-4622,-1489]} 1. e4 c5 2. Nf3 d6 3. Bb5+ Nd7 4. d4 cxd4 5. Qxd4 a6 6. Bxd7+ Bxd7 7. c4 {B51: Sicilian: Moscow Variation (3 Bb5+) without 3...Bd7} (7. Nc3 e5 8. Qd3 Rc8 9. O-O Qc7 10. Rd1 Be6 11. a4 Nf6 12. Nd2 Be7 13. Nf1 Qc4 14. Ne3 Qxd3 15. Rxd3 Kd7 {½-½ (33) Xiong,J (2656)-Vachier Lagrave,M (2780) Douglas 2018}) 7... e5 8. Qd3 b5 9. Nc3 {[%cal Rc4b5] The position is equal.} bxc4 10. Qxc4 Be6 11. Qd3 h6 12. O-O Nf6 13. Rd1 Be7 14. Ne1 O-O 15. Nc2 Qb6 16. Ne3 Rfc8 17. b3 Qb7 18. Bb2 a5 19. Rd2 $146 ({Predecessor:} 19. Ba3 d5 20. exd5 Nxd5 {½-½ (20) Kinchant,K (2295)-Nieuwland,A (2267) ICCF email 2013}) 19... Ra6 20. Rad1 Bd8 (20... a4 {with more complications.} 21. bxa4 Rb6 22. Ba1 Rbc6 23. Rc2 Ng4) 21. Ncd5 (21. Rc2 $11) 21... Nxd5 $15 22. Nxd5 Bxd5 (22... a4 $15) 23. Qxd5 $11 Qxd5 24. Rxd5 Be7 25. Ba3 Rc2 26. R1d2 Rxd2 27. Rxd2 {[%mdl 4096] Endgame KRB-KRB} Kf8 28. Kf1 Ke8 29. Ke2 Kd7 30. Rd5 Bd8 31. Kd3 Bc7 32. Bb2 {Bxe5 is the strong threat.} Ke6 33. Rb5 f5 34. f3 h5 35. Bc3 g5 36. h3 fxe4+ 37. fxe4 Kd7 38. g4 hxg4 39. hxg4 Kc6 40. a4 Ra8 41. Bd2 Rh8 42. Bxa5 Rh3+ $1 43. Kc4 Re3 $1 44. Bxc7 {Threatens to win with Bb8.} Rxe4+ 45. Kc3 {aiming for Bd8.} Kxc7 {KR-KR} 46. a5 Rxg4 47. a6 Rg1 48. Rb7+ Kc6 49. b4 $2 (49. Kb2 $11) 49... Ra1 $19 50. b5+ Kc5 51. Kd2 g4 {And now ...g3 would win.} 52. Ke2 e4 {Strongly threatening ...g3.} 53. a7 $2 {[%mdl 8192]} (53. Ke3 $17) 53... g3 $1 {[%cal Rg3g2]} 54. Ke3 g2 $1 {[%cal Rg2g1]} 55. Rg7 {[#]} Rxa7 $1 {[%mdl 512]} 56. Rxg2 (56. Rxa7 g1=Q+) 56... d5 57. Rc2+ {[#]} Kd6 $1 58. Rb2 {[#]} Ra3+ $1 59. Kf4 Rf3+ 60. Kg4 Rf7 61. b6 Kc6 62. Rb3 Rb7 63. Rc3+ Kd6 64. Rb3 Kc5 {Black is clearly winning.} 65. Rc3+ Kxb6 66. Kf4 Rc7 67. Ra3 Kc5 68. Ke3 Kd6 {Accuracy: White = 48%, Black = 80%.} 0-1

[Event "18th Rochefort Open 2019"]
[Site "Rochefort"]
[Date "2019.02.19"]
[Round "5.1"]
[White "Van den Doel, Erik"]
[Black "Gascon Del Nogal, Jose Rafael"]
[Result "1/2-1/2"]
[WhiteElo "2611"]
[BlackElo "2457"]
[Annotator "TA"]
[PlyCount "72"]
[EventDate "2019.02.16"]
[EventType "swiss"]
[EventCountry "FRA"]
[SourceTitle "playchess.com"]
[Source "ChessBase"]
[SourceQuality "1"]

{[%evp 11,72,0,14,14,23,12,18,16,12,14,11,11,11,20,14,8,47,39,37,10,14,13,22,17,41,41,42,44,45,51,42,34,62,49,91,92,90,87,92,80,78,52,91,76,70,79,127,81,82,90,80,87,98,91,101,83,72,0,78,66,63,0,68]} 1. d4 Nf6 2. Nf3 e6 3. Bf4 c5 4. e3 d5 5. Nbd2 Nc6 6. c3 cxd4 7. exd4 {D02: 1 d4 d5 2 Nf3 sidelines, including 2...Nf6 3 g3 and 2...Nf6 3 Bf4} Nh5 8. Bg5 (8. Be3 Bd6 9. Bd3 Nf4 10. Bxf4 Bxf4 11. g3 Bd6 12. O-O O-O 13. Re1 Bd7 14. h4 h6 {1-0 (44) Caruana,F (2822)-Aronian,L (2767) chess.com INT 2018}) 8... f6 9. Be3 Bd6 10. g3 O-O 11. Bd3 {[#] aiming for Ng5.} f5 12. Ne5 {Threatens to win with Nxc6.} Nf6 13. Ndf3 Bd7 14. Bf4 Be8 15. Qe2 $146 Ne4 16. Qe3 Bh5 17. Nxc6 bxc6 18. Bxd6 $1 Qxd6 19. Ne5 $1 $36 {[%mdl 2048] White is pushing.} Rab8 20. Rb1 c5 21. O-O cxd4 22. cxd4 Rfc8 23. Rfc1 Rxc1+ 24. Rxc1 Be8 25. Rc2 h6 26. f3 Nf6 27. g4 fxg4 28. fxg4 Rd8 29. h4 Ne4 30. g5 h5 31. Kg2 Qb4 32. g6 Nf6 33. Nf3 Bd7 34. Ne5 (34. a3 $5 {[%cal Ra3b4]} Qb3 35. Ne5 $16) 34... Be8 $1 35. Rf2 {Black must now prevent Nc6!} (35. a3 $5 {[%cal Ra3b4]} Qb3 36. Qh3 $14) 35... Qe7 36. Rc2 Qb4 {Accuracy: White = 79%, Black = 83%.} 1/2-1/2

[Event "18th Rochefort Open 2019"]
[Site "Rochefort"]
[Date "2019.02.19"]
[Round "5.3"]
[White "Solozhenkin, Evgeniy"]
[Black "Martinez Duany, Lelys Stanley"]
[Result "1-0"]
[WhiteElo "2423"]
[BlackElo "2547"]
[Annotator "TA"]
[PlyCount "145"]
[EventDate "2019.02.16"]
[EventType "swiss"]
[EventCountry "FRA"]
[SourceTitle "playchess.com"]
[Source "ChessBase"]
[SourceQuality "1"]

{[%evp 28,145,52,45,53,31,27,27,29,31,47,38,38,38,43,43,38,39,54,53,52,46,46,46,50,40,64,50,73,50,45,47,126,127,436,153,145,119,310,118,121,105,129,20,22,24,18,15,9,13,17,5,0,0,0,0,8,0,0,0,53,42,49,0,0,0,7,0,50,66,76,76,76,76,151,69,69,77,101,76,90,76,80,57,57,57,64,0,0,0,104,84,104,104,347,322,560,575,1659,1595,1487,1402,29967,29967,29971,29972,29976,29977,29979,29980,29980,29981,29981,29982,29983,29984,29984,29985,29985,29985]} 1. e4 c5 2. Nf3 Nc6 3. d4 cxd4 4. Nxd4 g6 5. c4 Bg7 6. Be3 Nf6 7. Nc3 O-O 8. Be2 d6 9. O-O Bd7 10. Qd2 Nxd4 11. Bxd4 Bc6 12. f3 a5 13. b3 Nd7 14. Be3 Nc5 15. Rab1 Be5 {B38: Sicilian: Maroczy Bind with 5...Bg7 and 7...0-0} (15... Qb6 16. Rfc1 Rfc8 17. Bf1 Qb4 18. Qb2 Qb6 19. Kh1 Qd8 20. Qd2 e6 21. Bg5 Qf8 22. Rd1 h6 23. Be3 Rd8 24. a3 Nd7 25. b4 axb4 26. axb4 {0-1 (41) Wang,H (2690)-Bu,X (2713) China 2017}) 16. Rfd1 e6 17. g3 Qe7 {White has an edge.} 18. Nb5 Rfd8 19. Nd4 Be8 {[#]} 20. Bf1 $146 ({Predecessor:} 20. Rbc1 b6 21. Bf1 Rac8 22. Bg2 Bg7 23. Re1 Qf8 24. Bh3 Qe7 25. Rcd1 Bd7 26. Bg2 Be8 27. Bh3 Bd7 {½-½ (27) Ftacnik,L (2571)-Martinez Duany,L (2465) Caldas da Rainha 2014}) 20... Bg7 21. Qf2 b6 22. Rd2 d5 23. exd5 exd5 24. cxd5 Rxd5 25. Bc4 Rdd8 26. Rbd1 Qf6 27. Kg2 Rac8 28. Nb5 {aiming for Nd6.} Rxd2 29. Rxd2 {Nd6 is the strong threat.} Bf8 (29... Rd8 $14) 30. Bd4 $16 Qf5 $2 {[%mdl 8192]} (30... Qe7 $16) 31. Ba1 $2 (31. Bb2 $1 $18 {and the rest is easy. Threatening mate with Qd4.} Na4 32. Bd3 (32. bxa4 Rxc4 33. Qxb6 Qe6 $11)) 31... Ne6 32. Nd4 Qb1 $2 (32... Qf6 $16) 33. Nxe6 $2 (33. Bb2 $1 $18 {is the precise move to win.} Ng7 34. Rc2 Rxc4 35. Rxc4) 33... Qxa1 34. Nxf8 ({Much worse is} 34. Qxb6 $6 Rxc4 35. bxc4 fxe6 $11) 34... b5 35. Nd7 (35. Bxf7+ $16 Bxf7 36. Nd7) 35... bxc4 $11 36. Nb6 c3 37. Nxc8 cxd2 38. Qxd2 Bb5 {[%csl Gb5][%cal Ra1f1]} 39. Qf2 a4 40. Nd6 axb3 41. axb3 Bc6 42. Nc4 Bd5 43. Qd2 Be6 (43... Qa8 $11) 44. g4 $14 Qb1 45. Qc3 Qd1 46. h4 Qe2+ 47. Kg3 Qf1 48. Ne3 Qg1+ {[#]} 49. Ng2 $1 Qb6 {[#]} 50. b4 $1 Qd6+ (50... h6 $142) 51. Kf2 (51. Nf4 $16) 51... h6 52. Qc5 Qd3 53. Qe3 Qb1 54. Qc3 Bd5 55. Kg3 Qf1 56. Qf6 Bb7 57. h5 (57. Qf4 $14 Bc6 58. b5 Qxb5 59. Qxh6) 57... g5 $1 $11 58. Qf5 Ba6 (58... Qd1 $11 {keeps the balance.}) 59. Qe4 Bb5 60. f4 Qc1 $2 (60... gxf4+ $16 61. Qxf4 Qd3+ 62. Ne3 Qc3) 61. fxg5 $18 hxg5 $2 (61... Qxg5 62. Qf4 Qd5 63. Qxh6 Bc6) 62. Qe5 Qc6 63. Qxg5+ Kh7 64. Qc5 Qd7 65. Qf5+ {White mates.} Qxf5 66. gxf5 {[%mdl 4096] Endgame KB-KN} Kg7 67. Ne3 Be2 68. Ng4 f6 69. Kf4 Bb5 70. h6+ Kh7 71. Nxf6+ Kxh6 72. Ke5 Kg7 73. Ne4 {Accuracy: White = 56%, Black = 43%.} 1-0

[Event "18th Rochefort Open 2019"]
[Site "Rochefort"]
[Date "2019.02.19"]
[Round "5.4"]
[White "Zeng, Chongsheng"]
[Black "Deslandes, Pascal"]
[Result "1-0"]
[WhiteElo "2544"]
[BlackElo "2349"]
[Annotator "TA"]
[PlyCount "103"]
[EventDate "2019.02.16"]
[EventType "swiss"]
[EventCountry "FRA"]
[SourceTitle "playchess.com"]
[Source "ChessBase"]
[SourceQuality "1"]

{[%evp 13,103,0,29,0,-11,-13,0,-20,0,0,0,-29,-47,-35,21,21,25,22,30,36,25,27,25,16,31,32,20,33,32,28,22,29,30,27,35,0,0,0,54,61,63,0,47,37,148,168,156,20,20,20,20,20,27,28,28,28,28,28,19,18,20,38,33,19,14,12,14,22,77,77,77,8,8,8,8,8,53,0,8,8,8,8,8,0,14,16,141,141,141,126,766,664]} 1. e4 e6 2. d4 d5 3. Nc3 Bb4 4. e5 c5 5. a3 Bxc3+ 6. bxc3 Ne7 7. Qg4 cxd4 8. Bd3 {C18: French: 3 Nc3 Bb4: Main line: 7 h4 and 7 Qg4} (8. Qxg7 Rg8 9. Qxh7 Qc7 10. Ne2 Nbc6 11. f4 dxc3 12. Nxc3 Nd4 13. Bb2 Bd7 14. O-O-O Qb6 15. Qd3 Ndf5 16. Rd2 Rc8 17. g3 Ne3 18. Ne4 Rxc2+ 19. Rxc2 dxe4 20. Qxe4 Nxc2 21. Qxc2 {½-½ (31) Giri,A (2752)-Carlsen,M (2834) Wijk aan Zee 2018}) 8... Qa5 9. Ne2 O-O 10. Bg5 {The position is equal.} Ng6 11. Qg3 Nd7 12. h4 dxc3 13. f4 {Strongly threatening h5.} f5 (13... h5 $15) 14. exf6 $11 Nxf6 15. h5 $36 {[%mdl 2048] White has some pressure.} Nh8 $1 16. h6 $146 {hxg7 is the strong threat.} (16. Bxf6 Rxf6 17. h6 g6 $17) 16... g6 17. Qh4 Nd7 18. Be7 {next f5 is good for White.} Rf7 19. Bb4 Qb6 20. Bxc3 Nc5 21. Qg5 Nxd3+ 22. cxd3 Rf5 $1 {[%cal Rf5g5]} 23. Qe7 {[%csl Gc3,Gh6][%cal Re7g7]} Rf7 24. Qb4 (24. Qe8+ {with more complications.} Rf8 25. Qa4 e5 26. fxe5 Qf2+ 27. Kd2) 24... Qxb4 25. axb4 Bd7 (25... b6 $11) 26. Kd2 $14 {[%mdl 1024] White has compensation.} a6 27. Rac1 ({White should try} 27. Bg7 $1 $14) 27... Bc6 (27... d4 $5 {[%cal Rd4c3]} 28. Bb2 (28. Bxd4 Bc6 $11) (28. Nxd4 Rxf4 29. Ba1 Rd8 $11) 28... Bc6 $11) 28. Be5 g5 {[#]} (28... Rc8 $14) 29. Rh5 $1 $16 ({Don't play} 29. fxg5 $6 Rf2 $11) 29... gxf4 30. Rg5+ (30. Nxf4 $16 Rc8 31. d4 (31. Nxe6 Rf2+ 32. Ke3 Rxg2 $11)) 30... Ng6 $11 31. Nxf4 {Threatens to win with Rh1.} Rf5 $1 {[%cal Rf5g5]} 32. Rxf5 exf5 33. Nxg6 Re8 34. Rh1 {Hoping for d4.} Re6 $1 35. Nf4 Rxe5 {[%mdl 4096] Endgame KRB-KRN} 36. Rh5 Be8 37. Rg5+ Bg6 $1 38. Nxg6 hxg6 39. Rxg6+ $14 {KR-KR} Kh7 40. Rb6 f4 (40... d4 $1 $11) 41. Rxb7+ $16 Kxh6 42. Rf7 (42. Rb6+ $16 Kh5 43. Rxa6) 42... Kg5 $1 $11 43. Kc3 Re2 44. Kd4 Rb2 45. Kc5 ({Better is} 45. Ke5 $1 $14) 45... d4 46. Kc4 Kg4 47. Rg7+ Kf5 48. g4+ fxg3 49. Rxg3 Ra2 (49... Ke5 $11 {remains equal.}) 50. Kxd4 $16 Ke6 51. Rg5 Kd7 $2 {[%mdl 8192] [#]} (51... Ra4 $16) 52. Ra5 $1 {Accuracy: White = 61%, Black = 46%.} 1-0

[Event "18th Rochefort Open 2019"]
[Site "Rochefort"]
[Date "2019.02.19"]
[Round "5.5"]
[White "Devallee, Jeremie"]
[Black "Demuth, Adrien"]
[Result "0-1"]
[WhiteElo "2317"]
[BlackElo "2519"]
[Annotator "TA"]
[PlyCount "74"]
[EventDate "2019.02.16"]
[EventType "swiss"]
[EventCountry "FRA"]
[SourceTitle "playchess.com"]
[Source "ChessBase"]
[SourceQuality "1"]

{[%evp 13,74,-20,-8,-21,-12,-12,-8,-16,-11,-21,-16,-26,-26,-62,-50,-61,-61,-56,-47,-104,-98,-100,-102,-91,-92,-79,-58,-73,-68,-72,-59,-68,-53,-83,-90,-92,-42,-93,-75,-119,-120,-138,-126,-129,-98,-156,-142,-138,-121,-137,-109,-168,-168,-187,-172,-186,-168,-350,-338,-328,-345,-332,-325]} 1. e4 c5 2. d4 cxd4 3. c3 dxc3 4. Nxc3 Nc6 5. Nf3 d6 6. Bc4 a6 7. O-O Nf6 8. Bf4 {B21: Sicilian: 2 f4 and Morra Gambit} e6 9. Qe2 Nh5 10. Be3 {The position is equal.} Be7 11. Bb3 Bd7 12. Na4 Nf6 13. Bb6 Qb8 14. Rfd1 O-O 15. Rac1 Qe8 16. Bc7 $146 {[#]} (16. Nc3 $15) 16... Rc8 $1 $17 {[%cal Rc8c7]} 17. Bb6 Ne5 18. Nc3 Nxf3+ 19. Qxf3 Bc6 20. Qe2 Nd7 21. Be3 Nc5 $36 {[%mdl 2048] Black has some pressure.} 22. Bc2 $1 b5 23. b4 Nd7 24. f4 e5 25. f5 (25. Bb3 $15) 25... Bb7 26. Nd5 Bxd5 27. Rxd5 Nf6 28. Rdd1 h6 29. Bb1 (29. Bb3 $142) 29... Rxc1 30. Bxc1 Qc6 31. Bb2 Rc8 32. Bd3 (32. a3 $17 {was worth a try.}) 32... Bd8 $19 33. h3 Bb6+ 34. Kh2 Bd4 35. a4 $2 {[#]} (35. Rc1 {is a better defense.} Qb7 36. Rxc8+ Qxc8 37. Bxd4 exd4 38. Qb2) 35... Bxb2 {Black has a decisive advantage.} (35... bxa4 $2 36. Bxa6 Rb8 37. Bxd4 $19) 36. axb5 axb5 37. Qxb2 Nxe4 {Accuracy: White = 36%, Black = 87%.} 0-1

[Event "18th Rochefort Open 2019"]
[Site "Rochefort"]
[Date "2019.02.19"]
[Round "6.1"]
[White "Gascon Del Nogal, Jose Rafael"]
[Black "Mu, Ke"]
[Result "1/2-1/2"]
[WhiteElo "2457"]
[BlackElo "2404"]
[Annotator "TA"]
[PlyCount "52"]
[EventDate "2019.02.16"]
[EventType "swiss"]
[EventCountry "FRA"]
[SourceTitle "playchess.com"]
[Source "ChessBase"]
[SourceQuality "1"]

{[%evp 20,52,16,14,18,-5,-1,-1,0,-22,-22,-32,-33,-50,-49,-58,-50,-36,-45,-77,-85,-70,-54,-67,-58,-67,-56,-74,-65,-80,-64,-79,-74,-77,-72]} 1. c4 c6 2. e4 d5 3. exd5 cxd5 4. d4 Nf6 5. Nc3 Nc6 6. Bg5 dxc4 7. Bxc4 e6 8. Nf3 Be7 9. O-O O-O 10. Re1 a6 11. Bb3 b5 {[%cal Bb7b5,Bb5b4][%mdl 32] D27: Queen's Gambit Accepted: Classical main line: 7 e4!? and 7 a4} (11... Bd7 12. Qd3 Nb4 13. Qe2 Bc6 14. Rad1 Bd5 15. Nxd5 Nbxd5 16. Ne5 Rc8 17. Rd3 Qc7 18. Rg3 Kh8 19. Rh3 {½-½ (46) Gelfand,B (2759)-Karjakin,S (2770) Sochi 2014}) 12. d5 Nxd5 13. Bxd5 exd5 {[#] The position is equal.} 14. Bxe7 $146 ({Predecessor:} 14. Qxd5 Be6 15. Qxc6 Bxg5 16. Rad1 Qe7 17. Nd5 Bxd5 18. Qxd5 Rad8 19. Qxg5 {1-0 (19) Erdos,V (2610)-Colovic,A (2454) Daventry 2019}) 14... Nxe7 15. Nd4 Qd6 16. Qh5 b4 17. Nce2 Ng6 18. Rad1 Re8 19. Qg5 h6 20. Qd2 Be6 21. b3 Rad8 22. h3 a5 23. Rc1 Bd7 24. Ng3 Nh4 25. Rxe8+ Rxe8 26. Rd1 Rc8 {Accuracy: White = 36%, Black = 66%.} 1/2-1/2

[Event "18th Rochefort Open 2019"]
[Site "Rochefort"]
[Date "2019.02.19"]
[Round "6.4"]
[White "Demuth, Adrien"]
[Black "Solozhenkin, Evgeniy"]
[Result "*"]
[WhiteElo "2519"]
[BlackElo "2423"]
[Annotator "TA"]
[PlyCount "77"]
[EventDate "2019.02.16"]
[EventType "swiss"]
[EventCountry "FRA"]
[SourceTitle "playchess.com"]
[Source "ChessBase"]
[SourceQuality "1"]

{[%evp 21,77,0,5,0,0,0,0,2,4,19,16,12,20,6,16,-22,41,-27,-19,-30,-25,-27,-32,-28,-34,-32,0,0,0,-3,239,239,177,218,183,184,175,8,50,0,0,0,0,0,77,58,63,68,64,14,0,0,0,0,0,0,0,-10]} 1. c4 e6 2. Nf3 d5 3. d4 Nf6 4. Nc3 dxc4 5. e4 Bb4 6. Bg5 c5 7. e5 cxd4 8. Nxd4 Qa5 9. exf6 Bxc3+ 10. bxc3 Qxg5 11. fxg7 Qxg7 12. Qd2 {D39: Queen's Gambit Declined: Ragozin Defence with 5 Bg5 dxc4} O-O 13. Bxc4 Rd8 ({Wrong is} 13... Qxg2 $2 14. O-O-O $18) 14. Qe3 Bd7 ({Don't go for} 14... Qxg2 $2 15. O-O-O $18) 15. O-O Nc6 16. Nf3 {[#]} Be8 $146 ({Predecessor:} 16... Ne7 17. Ne5 Ng6 18. f4 Rac8 19. Be2 Be8 {½-½ (64) Van Wely,L (2675)-Burg,T (2518) Amsterdam 2017}) 17. Rab1 Rac8 18. Ng5 Rc7 (18... Ne5 $11 19. Bxe6 Rd3 {[%mdl 64] Double Attack}) 19. f4 (19. Rbd1 $14) 19... h6 20. Ne4 Ne7 21. Qe2 Bc6 22. Rbd1 Rxd1 23. Rxd1 Nd5 24. Bxd5 Bxd5 25. Rd3 {Hoping for Rg3.} Bc4 $2 (25... Kf8 $11 {and Black is okay.}) 26. Rd8+ $18 Kh7 27. Qh5 {Intending Ng5+ and mate.} f6 28. Qh4 Rf7 {[#]} 29. Nd6 $2 (29. f5 $1 $18 {[%mdl 512]} exf5 30. Nd6) 29... Bd5 {[%csl Gd5][%cal Rg7g2]} 30. Qg3 {And now c4 would win.} Qxg3 31. hxg3 $11 {[%mdl 4096] Endgame KRB-KRN} Rc7 32. Ne8 Rxc3 (32... Rf7 $1 $11) 33. Nxf6+ Kg6 34. Nxd5 exd5 35. Rd6+ Kf5 {The position is equal.} 36. Rxd5+ Kg4 37. Kh2 Rxg3 38. f5 {aiming for Rd4+.} Rc3 39. Rd7 {Accuracy: White = 51%, Black = 55%.} *

[Event "18th Rochefort Open 2019"]
[Site "Rochefort"]
[Date "2019.02.19"]
[Round "6.5"]
[White "Lucas, Arthur"]
[Black "Sosa, Tomas"]
[Result "0-1"]
[WhiteElo "2178"]
[BlackElo "2013"]
[Annotator "TA"]
[PlyCount "140"]
[EventDate "2019.02.16"]
[EventType "swiss"]
[EventCountry "FRA"]
[SourceTitle "playchess.com"]
[Source "ChessBase"]
[SourceQuality "1"]

{[%evp 18,140,29,0,0,0,0,0,0,-6,-21,-19,-10,-9,-9,-16,-13,-18,-9,-60,-50,-68,-55,-38,-27,-79,-17,-12,-8,-9,-8,-51,-37,-40,-38,-43,0,0,0,-57,-33,-95,-28,-26,-29,-30,-27,-68,-68,-68,-58,-118,-124,-147,-65,-65,-65,-65,-65,-122,-111,-107,-99,-101,-109,-141,-141,-135,-141,-140,-127,-182,-129,-139,-109,-108,-94,-218,-214,-212,-222,-212,-157,-357,-329,-352,-347,-337,-251,-381,-363,-366,-261,-385,-376,-376,-344,-361,-334,-343,-237,-238,-243,-918,-865,-1209,-1269,-1290,-1197,-1072,-1070,-1044,-777,-1070,-1059,-997,-942,-936,-910,-918,-918,-906,-828,-4614,-1846]} 1. e4 c5 2. Nf3 Nc6 3. d4 cxd4 4. Nxd4 Nf6 5. Nc3 d6 6. g3 Bd7 7. Bg2 g6 8. Nde2 Bg7 9. O-O O-O 10. Nd5 Rc8 {B70: Sicilian Dragon: 6 g3 and 6 Be2 (without a later Be3)} 11. c3 Ne5 12. Nd4 b5 {The position is equal.} 13. Bg5 Nxd5 14. exd5 Re8 $146 ({Predecessor:} 14... h6 15. Bf4 Qb6 16. Be3 Qc7 17. Qe2 a6 18. Rad1 {1-0 (62) Rubzova,T (2297)-Jadvizhena,N (2085) St Petersburg 1999}) 15. Qe2 Qb6 16. a3 a5 17. Be3 Nc4 18. Nf5 (18. Nc6 $11 Nxe3 19. Qxe3 Qxe3 20. fxe3) 18... Nxe3 $15 19. Qxe3 Qxe3 20. Nxe3 Rc7 21. Rfe1 {[#]} (21. Nc2 $11 {keeps the balance.}) 21... Rb8 ({Better is} 21... b4 $1 $17 {[%mdl 512]} 22. axb4 axb4 23. cxb4 Bf6) 22. Nc2 $1 $11 Kf8 23. h4 Rc4 24. Ne3 Rc5 25. Nc2 Bf5 26. Ne3 $1 Bd3 27. Rad1 Bc4 28. Rd2 (28. Nxc4 $11 bxc4 29. Rd2) 28... Bb3 29. Ra1 (29. Rd3 $1 $15) 29... Rcc8 (29... b4 $17 30. cxb4 axb4) 30. Bh3 f5 31. Bf1 Kf7 32. Be2 b4 33. axb4 axb4 34. cxb4 (34. c4 $15) 34... Rxb4 $17 35. Kg2 {[#]} Bxb2 $1 {[%mdl 512]} 36. Rxb2 $15 Bxd5+ $1 {[%mdl 64] Discovered Attack} 37. Nxd5 Rxb2 38. Bf3 (38. Bd3 $15) 38... Rcc2 $17 39. Rf1 e6 40. Ne3 Rc7 41. Rd1 d5 42. Rd4 Ra7 43. Nd1 Rba2 44. Ne3 (44. Rb4 $17 {might work better.}) 44... Kg7 (44... R7a4 $19 45. Rxa4 Rxa4) 45. Rb4 R2a4 46. Rb5 d4 47. Nd1 {[#]} (47. Nc2 $17 {keeps fighting.}) 47... R4a5 $1 $19 {[%cal Ra5b5]} 48. Rb8 e5 {White must now prevent ...e4.} 49. Rd8 Rb5 50. Kf1 $2 (50. g4 $17) 50... Rb4 51. Be2 e4 52. Ke1 Kf6 53. Rd5 (53. Rf8+ $142 Kg7 54. Rd8) 53... Ke6 54. Rd8 Rd7 55. Rc8 (55. Re8+ $142 Re7 56. Ra8) 55... d3 56. Bf1 Rb1 57. Rc3 Ke5 58. Kd2 Kd4 {And now ...Rxd1+ would win.} 59. Ra3 Rdb7 {Strongly threatening ...Rxd1+!} 60. Ra4+ $2 (60. Bxd3 exd3 61. Rxd3+ Ke5 62. f4+ Ke6 63. Re3+ Kf7 64. Rd3) 60... R7b4 {Black is clearly winning.} 61. Rxb4+ Rxb4 62. Bh3 Ra4 63. Nc3 Rc4 64. Nb5+ Kc5 65. Nc3 Kb4 66. Nd5+ Kb3 67. Bf1 Rc2+ 68. Ke3 Rc1 69. Bxd3 exd3 70. Nf4 Kc4 {Accuracy: White = 46%, Black = 59%.} 0-1

[Event "18th Rochefort Open 2019"]
[Site "Rochefort"]
[Date "2019.02.20"]
[Round "7.1"]
[White "Zeng, Chongsheng"]
[Black "Rios, Cristhian Camilo"]
[Result "1/2-1/2"]
[WhiteElo "2544"]
[BlackElo "2482"]
[Annotator "TA"]
[PlyCount "99"]
[EventDate "2019.02.16"]
[EventType "swiss"]
[EventCountry "FRA"]
[SourceTitle "playchess.com"]
[Source "ChessBase"]
[SourceQuality "1"]

{[%evp 31,99,25,47,-37,-40,-20,-31,-64,-65,-76,-57,-80,-70,-91,22,21,63,45,72,37,44,40,91,83,89,71,111,107,100,70,61,63,71,70,72,89,72,83,71,0,0,0,0,0,0,0,0,0,0,0,8,0,0,0,0,0,0,0,0,0,0,0,0,0,0,0,0,0,0,0]} 1. e4 c5 2. Nf3 Nc6 3. d4 cxd4 4. Nxd4 Nf6 5. Nc3 e5 6. Ndb5 d6 7. Bg5 a6 8. Na3 b5 9. Bxf6 gxf6 10. Nd5 Bg7 11. c3 f5 12. exf5 Bxf5 13. Nc2 Be6 14. Nce3 O-O 15. Bd3 f5 16. Qh5 Qd7 17. Nb6 {B33: Sicilian: Pelikan and Sveshnikov Variations} ({White has to play} 17. O-O $1 $14) 17... Qe8 $15 18. Qxe8 Raxe8 19. a4 {Black is slightly better.} (19. Ned5 Rf7 20. O-O Rb8 21. a4 Ne7 22. Nc7 Rxb6 23. Nxe6 e4 24. a5 Rb8 25. Be2 Rf6 26. Nd4 Rh6 27. Nc2 Be5 28. g3 f4 29. Nb4 Ra8 30. Bd1 Kf7 31. Bb3+ Kg7 {½-½ (31) Nolte,R (2395)-Yap,K (2416) Quezon City 2014}) 19... e4 20. Be2 (20. axb5 $2 exd3 21. bxc6 f4 $19) 20... f4 $146 ({Predecessor:} 20... Rb8 21. Ned5 bxa4 22. O-O-O a3 23. bxa3 a5 24. Kc2 f4 {0-1 (43) Arato,B (2156)-Akots,G (2245) Hungary 2010}) 21. axb5 Ne5 22. Ned5 {[#]} Bxd5 (22... f3 $1 $17 {[%cal Rf3e2]} 23. bxa6 fxe2 24. Kxe2 Rf7) 23. Nxd5 $11 axb5 24. O-O-O Rb8 25. Rhe1 f3 26. gxf3 exf3 ({Black should try} 26... Nxf3 $14 27. Bxf3 Rxf3) 27. Bd3 $1 $16 Kh8 28. Re4 Rb7 29. Kc2 Nxd3 30. Rxd3 Be5 31. h3 Rg7 32. Ree3 Rg2 33. Rxf3 Rxf2+ 34. Rxf2 Rxf2+ {[%mdl 4096] Endgame KRB-KRN} 35. Rd2 (35. Kb3 $16) 35... Rf3 $11 {The position is equal.} 36. Nc7 Rxh3 37. Nxb5 Rh2 38. Rxh2 Bxh2 {KB-KN} 39. Kd3 Kg7 40. Ke4 Kf6 41. Nd4 h5 42. b4 {[%cal Bb2b4,Bb4b5][%mdl 32]} Be5 43. b5 Bxd4 44. cxd4 {[#] Threatening mate with b6. KPP-KPP} Ke6 {Hoping for ...Kd7.} 45. Kf4 $1 ({Don't blunder} 45. b6 $2 Kd7 $19) 45... Kd7 46. Kg5 Kc7 {Strongly threatening ...Kb6.} 47. Kxh5 Kb6 48. Kg5 Kxb5 {( -> ...Kc4)} 49. Kf5 Kc4 50. Ke6 {Accuracy: White = 66%, Black = 61%.} 1/2-1/2